Normal view
MARC view
Entry Topical Term
001 - CONTROL NUMBER
- control field: 80154
003 - CONTROL NUMBER IDENTIFIER
- control field: OSt
005 - DATE AND TIME OF LATEST TRANSACTION
- control field: 20201014130148.0
008 - FIXED-LENGTH DATA ELEMENTS
- fixed length control field: 201014|| aca||aabn | a|a d
040 ## - CATALOGING SOURCE
- Original cataloging agency: OSt
- Transcribing agency: OSt
150 ## - HEADING--TOPICAL TERM
- Topical term or geographic name entry element: Religion
670 ## - SOURCE DATA FOUND
- Source citation: Work cat.: (OSt)63607: Seal,B.N. 80153, Hindu Chemistry text with English Translation, 2018









